International research journal of arts & humanities

Detalles Bibliográficos
Título anterior:University of Sindh arts research journal. Humanities, social sciences and commerce & business studies (Arts series)
Autor Corporativo: University of Sind. Faculty of Arts
Formato: Electrónico Seriadas
Lenguaje:inglés
Publicado: Jamshoro, Pakistan : Faculty of Arts, University of Sindh, 2006-
Materias:
Acceso en línea:Full text available from Research Library: 01/01/2010 to present

MARC

LEADER 00000nas a2200000 a 4500
001 ssj0000532420
003 WaSeSS
005 20200512172242.0
006 m d
007 cr n
008 080815c20069999pk ar s 0 0eng
010 |a  2009354150 
022 |l 1016-9342  |y 1016-9342 
035 |a (WaSeSS)ssj0000532420 
040 |a GZM  |b eng  |c GZM  |d DLC  |d PAU  |d HLS  |d OCLCQ  |d DLC  |d OCLCA  |d OCLCQ  |d OCLCO  |d OCLCF  |d OCLCO  |d DLC  |d OCLCA  |d WaSeSS 
042 |a pcc 
043 |a a-pk--- 
050 0 0 |a AS471  |b .U45 
245 0 0 |a International research journal of arts & humanities  |h [electronic resource]. 
246 3 0 |a International research journal of arts and humanities 
246 3 |a IRJAH 
260 |a Jamshoro, Pakistan :  |b Faculty of Arts, University of Sindh,  |c 2006- 
310 |a Annual 
362 1 |a Began with vol. 34 (2006). 
506 |a License restrictions may limit access. 
588 |a Description based on: Vol. 34 (2006); title from title page. 
650 0 |a Humanities  |z Pakistan  |v Periodicals. 
650 0 |a Humanities  |v Periodicals. 
650 7 |a Humanities.  |2 fast  |0 (OCoLC)fst00963588 
651 7 |a Pakistan.  |2 fast  |0 (OCoLC)fst01210275 
655 0 |a Electronic journals. 
710 2 |a University of Sind.  |b Faculty of Arts. 
780 0 0 |t University of Sindh arts research journal. Humanities, social sciences and commerce & business studies (Arts series)  |w (DLC) 92930115  |w (OCoLC)28920870 
850 |a DLC 
856 4 0 |z Full text available from Research Library: 01/01/2010 to present  |u https://search.proquest.com/publication/1726349